000 00898nam a22003017a 4500
001 5195
003 FISKH
005 20250820092542.0
008 241118b cb ||||| |||| 00| 0 eng d
020 _a9780516263625
040 _aFISKH
_beng
_cFISKH
_dFISKH
050 _aPZ7.R193975
082 _a428.62
100 _aRau, Meachen Dana
_d(1971-)
245 _aThe secret code /
_cWritten by Dana Meachen Rau illustrated by Bari Weissman
250 _aPublished in 1998
260 _aCanada :
_bScholastic,
_c1998.
300 _a32 pages :
_bcolor illustrations ;
_c18 cm
505 _aG
520 _aOscar, who is blind, teaches Lucy how to read his Braille book.
521 8 _a380
_bLexile
521 8 _aG
_bRaz-Plus
650 _2Picture book
_aStudents
650 _2Fiction
_aDifferences
700 _aWeissman, Bari
_dIllustrator
942 _2ddc
_cBK
_n0
999 _c5195
_d5195